000 02494cam a2200457 i 4500
999 _c31910
_d31910
001 22005156
003 OSt
005 20250703160329.0
006 m |o d |
007 cr_|||||||||||
008 210414t20222022enk ob 001 0 eng
010 _a 2021012820
020 _a9781003081241
_q(ebk)
020 _z9780367532789
_q(hbk)
020 _z9780367532772
_q(pbk)
035 _a22005156
040 _aDLC
_beng
_cDLC
_erda
_dDLC
042 _apcc
050 0 0 _aHE571
082 0 0 _a387.2068
_223
100 1 _aZhang, Pengfei
_c(Writer on maritime law),
_eauthor.
245 1 0 _aShip management :
_btheory and practice /
_cPengfei Zhang and Lijun Tang.
260 _aLondon :
_bRoutledge,
_c2021.
264 1 _aLondon ;
_aNew York :
_bRoutledge, Taylor & Francis Group,
_c2022.
300 _a1 online resource
336 _atext
_btxt
_2rdacontent
337 _acomputer
_bc
_2rdamedia
338 _aonline resource
_bcr
_2rdacarrier
490 0 _aRoutledge maritime masters
504 _aIncludes bibliographical references and index.
520 _a"Ship Management: Theory and Practice unpacks the complexity of this crucial maritime activity by spelling out its key elements, and the connections and linkages between them. Opening with an introduction and an overview of the special characteristics of ship management, the text then focuses on different strands of management. It offers dedicated chapters on strategic management, commercial management, operations management, technical management, human resource management and compliance management, weaving in numerous international examples throughout. The final chapter looks to the future, exploring the challenges facing ship management, and the impact of digitalisation. Ship Management: Theory and Practice is a valuable resource for upper-level students of shipping management and maritime operations, and can also serve as a one-stop reference for researchers and industry practitioners"--
_cProvided by publisher.
588 _aDescription based on print version record.
650 0 _aShipping
_xManagement.
650 0 _aPersonnel management.
700 1 _aTang, Lijun
_c(Lecturer on shipping),
_eauthor.
776 0 8 _iPrint version:
_aZhang, Pengfei.
_tShip management
_dNew York : Routledge, [2022]
_z9780367532789
_w(DLC) 2021012819
856 _uhttps://doi.org/10.4324/9781003081241
906 _a7
_bcbc
_corignew
_d1
_eecip
_f20
_gy-gencatlg
942 _2ddc
_cEBK